| LEADER | 00978nam a2200265 4500 | ||
|---|---|---|---|
| 082 | |a 895.922134 |b T500M | ||
| 100 | |a Tú Mỡ | ||
| 245 | |a Tú Mỡ toàn tập |c Lữ Huy Nguyên sưu tầm, biên soạn |n T.4 | ||
| 260 | |a H. |b Văn học |c 1996 | ||
| 300 | |a 758 tr. |c 21 cm | ||
| 520 | |a v.v... | ||
| 653 | |a Văn học hiện đại | ||
| 653 | |a Thế kỷ 20 | ||
| 653 | |a Việt Nam | ||
| 653 | |a Thơ | ||
| 653 | |a Nghiên cứu | ||
| 653 | |a Tiểu luận | ||
| 653 | |a Kịch | ||
| 653 | |a Chèo | ||
| 653 | |a Hát xẩm | ||
| 653 | |a Hồi ức | ||
| 942 | |2 ddc |c STK0 | ||
| 999 | |c 2561 |d 2561 | ||
| 952 | |0 0 |1 0 |2 ddc |4 0 |6 895_922134000000000_T500M |7 1 |8 800 |9 32018 |a qbu |b qbu |c D5 |d 2014-12-14 |g 150000 |o 895.922134 T500M |p 3625.c1 |r 0000-00-00 |w 2014-12-14 |y STK0 |0 0 |6 895_922134000000000_T500M | ||
| 952 | |0 0 |1 0 |2 ddc |4 0 |6 895_922134000000000_T500M |7 0 |8 800 |9 32019 |a qbu |b qbu |c D5 |d 2014-12-14 |g 150000 |o 895.922134 T500M |p 3625.c2 |r 0000-00-00 |w 2014-12-14 |y STK0 |0 0 |6 895_922134000000000_T500M | ||